15 najwyższych budynków w Warszawie - Statystyki

Ogólne statystyki
  • Ten quiz został rozwiązany 20 razy
  • Średni wynik to 6 z 15
Statystyki odpowiedzi
Wysokość Wieżowiec % Poprawnych
237m Pałac Kultury i Nauki
100%
310m Varso Tower
82%
164m InterContinental Warszawa
55%
220m Warsaw Spire
55%
192m Złota 44
45%
170m Centrum LIM / Marriott
36%
150m Ch8 / Intraco II
36%
192m Rondo 1
36%
160m Cosmopolitan Twarda 2/4
27%
195m Q22
27%
195m Skyliner
27%
165m Warsaw Financial Center
27%
208m Warsaw Trade Tower
27%
155m Skysawa
18%
202m Warsaw Unit
18%
Nie znaleziono quizów pasujących do podanych kryteriów
Rozkład punktacji
Procent ludzi z każdym wynikiem
Percentyl według liczby udzielonych odpowiedzi
Twoja historia wyników
Nie rozwiązałeś tego quizu